000 00617nam a2200193Ia 4500
005 20250326145005.0
008 250326s9999 xx 000 0 und d
020 _a81-7829-346-3
037 _aTextbook
040 _aFMSL
_beng
_cFMSL
041 _aeng
_2eng
084 _aX9B.44 P4
_qFMSL
100 _aPadmad V
_9750440
245 0 _aManaging India's small industrial economy: catalytic role of industrial counsellors and policy makers
_cPadmad V; Patel V G
260 _aNew Delhi
_bNew Delhi, Response Books
_c2004
300 _axxii,203
942 _cTB
_hX9B.44 P4
999 _c1305942
_d1305942